000 01228nam a2200349 a 4500
001 ELB73144
003 FlNmELB
006 m o d |
007 cr cn|||||||||
008 201011r2005 mx |||||s|||||||||||spa d
020 _z9688562696
035 _a(MiAaPQ)EBC3191560
035 _a(Au-PeEL)EBL3191560
035 _a(CaPaEBR)ebr10428594
035 _a(OCoLC)929292680
040 _aFlNmELB
_bspa
_cFlNmELB
050 4 _aH62
_bR741 2005
080 _a303.02
082 0 4 _a300.72
_222
100 1 _aRojas Soriano, Raúl.
245 1 0 _aMétodos para la investigación social
_h[recurso electronico] :
_buna proposición dialéctica /
_cRaúl Rojas Soriano.
250 _a17a ed.
260 _aMéxico :
_bPlaza y Valdés :
_bInstituto Politécnico Nacional,
_c2005.
300 _a210 p.
533 _aRecurso electrónico. Santa Fe, Arg.: e-libro, 2015. Disponible vía World Wide Web. El acceso puede estar limitado para las bibliotecas afiliadas a e-libro.
650 0 _aCiencias sociales
_xInvestigación.
650 0 _aSocial sciences
_xResearch.
653 _aInvestigacion
655 4 _aLibros electrónicos.
710 2 _ae-libro, Corp.
856 4 0 _uhttps://elibro.net/ereader/usam/73144
999 _c143439
_d143439